Estatísticas para Países que terminam com I

Clique aqui para jogar o quiz

Estatísticas Gerais

  • Esse quiz foi jogado 129 vezes
  • A pontuação média é 4 de 9

Estatísticas das Respostas

país% Correto
Fiji
59%
Kiribati
55%
Malawi
52%
Mali
50%
Haiti
46%
Brunei
40%
Djibouti
38%
Burundi
35%
Essuatíni
31%

Distribuição das Pontuações

Percentil de Números Respondidos

Porcentagem de Pessoas com Cada Pontuação

Sua Pontuação Histórica

Você não jogou esse quiz